Statistiques concernant Culture Générale #2 - Choix Multiples

Cliquez ici pour prendre le quiz!

Statistiques générales

  • Ce quiz a été pris 41 379 fois
  • Le résultat moyen est 9 sur 16

Statistiques - réponses

QuestionRéponse% Correct
Le port du foulard est-il obligatoire pour les femmes en Iran ?Oui
85%
Qu'est-ce que la taxidermie ?L'art d'empailler les animaux morts pour les conserver
83%
Qu'est-ce que Calibri ?Une police de caractères
74%
La ville d'Agrabah est-elle réelle ou fictive ?Fictive
65%
Lequel de ces romans n'a pas été écrit par Victor Hugo ?Germinal
65%
Où peut-on trouver une épitaphe ?Sur une pierre tombale
65%
Laquelle de ces îles est située la plus au sud ?Trinité
64%
Qui était Hubert Reeves ?Un astrophysicien
57%
Parmi les objets célestes suivants, lequel est le plus éloigné du Soleil ?Saturne
56%
De quelle autre couleur le vermillon s'approche-t-il le plus ?Rouge
55%
Lequel de ces mots NE DESIGNE PAS un fromage ?Kalamata
51%
Quelle chanson française commence par les mots "Tourner le temps à l'orage" ?Allumer le feu
49%
Parmi les mots suivants, lequel est un mot-valise ?Franglais
48%
Combien de touches compte un piano standard ?88
41%
Dans quelle ville se situe la Place de Barcelone ?Tunis
15%
Laquelle de ces orthographes est fausse ?Charette
13%

Distribution des résultats

Percentile par nombre de réponses

% des personnes avec chaque résultat

Votre développement - résultats

Vous n’avez pas pris ce quiz